Trampoty s rádioterapiou : Achillova päta nádorovej liečby na východe

Podrobná bibliografia
Hlavní autori: Šindlerová, N. (Author), Klima, Ján (Author)
Médium: Článok
Jazyk:Slovak
Témy:
Zdroj: 1. Slovenský východ 1. Roč. 3/22, č. 33(1993), dát. 0210, s. 5
LEADER 00866nab#a2200313#ar4500
001 000044404
003 SVKKK
005 00000000000000.0
008 c xo e sloo
FMT
038 |a SVKKK 
040 |a SVKKK  |b slo  |e AACR2 
041 0 |a slo 
044 |a xo  |c SK 
080 |a 616.08:616.00  |2 1981 
090 |a ŠVKK 
100 1 |a Šindlerová, N.  |4 aut 
245 1 0 |a Trampoty s rádioterapiou :  |b Achillova päta nádorovej liečby na východe  |c Šindlerová N., , Klima Ján 
300 |b Fotogr.1 
650 0 4 |a nádory zhubné  |x liečba  |z Fakultná nemocnica, Košice  |x problematika  |x rozhovory 
700 1 |a Klima, Ján  |4 aut 
773 0 |t Slovenský východ  |g Roč. 3/22, č. 33(1993), dát. 0210, s. 5 
957 |a Košice 
958 |a KE 
974 |d 011204  |a Mi 
992 |a RBX 
BAS
852 |a SVKKK  |b BIB 
998 |a REG